00640 2200229 4500001002100000005001700021008004100038020001900079035002400098040001200122082001400134090002300148100002100171245008300192250001000275260003900285300002700324650001300351700001400364850001200378990002000390YOGYA-0412000000013320120417192242.0 ind  a979-8965-125-0 0010-041200000000133 aYOPDYOG a616.849 8 aT 616.849 8bWil I aWILLIAMS, Adrian aInsomniabdok, saya nggak bisa tidurcAdrian Williams ; alih bahasa, Suharsono aCet.1 aJakartabPustaka Delapratasac1999 ax, 58 hlmbilusc20 cm aInsomnia aSuharsono aYOPDYOG a2481-PN/B.01b1